O'jalá, acuerdo de paz / (Record no. 13898)

MARC details
000 -LEADER
campo de control de longitud fija 00793nam a2200229 i 4500
001 - NÚMERO DE CONTROL
campo de control 13898
003 - IDENTIFICADOR DE NÚMERO DE CONTROL
campo de control ES-MaACL
005 - FECHA Y HORA DE LA ÚLTIMA TRANSACCIÓN
campo de control 20230906150703.0
007 - CAMPO FIJO DE DESCRIPCIÓN FÍSICA--INFORMACIÓN GENERAL
campo de control de longitud fija t|
008 - DATOS DE LONGITUD FIJA--INFORMACIÓN GENERAL
campo de control de longitud fija 980731s1998 sp |||| | spa d
020 ## - NÚMERO INTERNACIONAL ESTÁNDAR DEL LIBRO
Número Internacional Estándar del Libro 84-86478-75-8
080 ## - NÚMERO DE LA CLASIFICACIÓN DECIMAL UNIVERSAL
Número de la Clasificación Decimal Universal 32(410.7)"1998"
080 ## - NÚMERO DE LA CLASIFICACIÓN DECIMAL UNIVERSAL
Número de la Clasificación Decimal Universal 941.5
245 00 - MENCIÓN DEL TÍTULO
Título O'jalá, acuerdo de paz /
Mención de responsabilidad, etc. prólogo y comentarios por José Antonio Jáuregui.
260 ## - PUBLICACIÓN, DISTRIBUCIÓN, ETC.
Lugar de publicación, distribución, etc. Madrid :
Nombre del editor, distribuidor, etc. Maeva,
Fecha de publicación, distribución, etc. [1998]
300 ## - DESCRIPCIÓN FÍSICA
Extensión 137 p. ;
Dimensiones 16 x 22 cm.
505 8# - NOTA DE CONTENIDO CON FORMATO
Nota de contenido con formato Contiene: Acuerdo entre el Gobierno del Reino Unido de Gran Bretaña e Irlanda del Norte y el Gobierno de Irlanda
651 #4 - PUNTO DE ACCESO ADICIONAL DE MATERIA--NOMBRE GEOGRÁFICO
Nombre geográfico Irlanda del Norte-
Subdivisión general Política y gobierno-
Subdivisión cronológica 1969-1994.
9 (RLIN) 166668
651 #4 - PUNTO DE ACCESO ADICIONAL DE MATERIA--NOMBRE GEOGRÁFICO
Nombre geográfico Irlanda-
Subdivisión geográfica Historia-
Subdivisión cronológica S.XX.
9 (RLIN) 8855
700 1# - ENTRADA AGREGADA--NOMBRE PERSONAL
Nombre de persona Jáuregui, José Antonio.
9 (RLIN) 66186
852 ## - LOCALIZACIÓN
Ubicación ES-MaACL
Número de control de estantería L-21263
Holdings
Estatus retirado Estado de pérdida Estado de daño No para préstamo Biblioteca de origen Biblioteca actual Ubicación en estantería Fecha de adquisición Fuente de adquisición Total de préstamos Signatura topográfica completa Código de barras Visto por última vez Precio de reemplazo Tipo de ítem Koha
        Biblioteca del Ateneo de Madrid Biblioteca del Ateneo de Madrid Depósito 2 17/01/2008     L-21263 1014142 23/02/2023 23/02/2023 Libro impreso